[Event "Santa Marta Navidad op"]
[Site "Santa Marta"]
[Date "2020.12.17"]
[Round "1"]
[White "Narvaez Ramirez, Faber Alberto"]
[Black "Gutierrez Blanco, Abimael"]
[Result "1-0"]
[WhiteElo "2098"]
[BlackElo "1644"]
[PlyCount "63"]
[EventDate "2020.12.17"]
[EventType "swiss"]
[EventRounds "7"]
[EventCountry "COL"]
[SourceTitle "EXT 2022"]
[Source "ChessBase"]
[SourceDate "2021.10.06"]
[SourceVersion "1"]
[SourceVersionDate "2021.10.06"]
[SourceQuality "1"]

1. d4 d5 2. Nf3 Nf6 3. c4 c6 4. Nc3 e6 5. Bg5 Be7 6. e3 Nbd7 7. Qc2 a6 8. a4 0-0 9. Bd3 h6 10. Bh4 dxc4 11. Bxc4 Nd5 12. Bg3 Nb4 13. Qe2 a5 14. 0-0 Nb6 15. Bb3 N6d5 16. e4 Nf6 17. h3 Bd7 18. Rfd1 Qb6 19. Ne5 Rad8 20. Nc4 Qa6 21. Bc7 Rc8 22. Bxa5 Ra8 23. Bb6 Rac8 24. a5 c5 25. d5 exd5 26. exd5 Rfe8 27. Qf3 Bb5 28. Nxb5 Qxb5 29. d6 Bf8 30. d7 Nxd7 31. Na3 Qc6 32. Qxf7+ 1-0